[Event "Campodarsego op 17th"]
[Site "Campodarsego"]
[Date "2006.01.22"]
[Round "5"]
[White "Pircher, Karl"]
[Black "Gennari, Leone"]
[Result "1/2-1/2"]
[WhiteElo "2018"]
[BlackElo "2035"]
[PlyCount "34"]
[EventDate "2006.01.20"]
[EventType "swiss"]
[EventRounds "5"]
[EventCountry "ITA"]
[SourceTitle "EXT 2007"]
[Source "ChessBase"]
[SourceDate "2006.11.23"]
[SourceVersion "1"]
[SourceVersionDate "2006.11.23"]
[SourceQuality "1"]

1. d4 g6 2. c4 Bg7 3. Nc3 Nf6 4. e4 d6 5. Nf3 0-0 6. Be2 Nbd7 7. 0-0 e5 8. Re1 c6 9. Bf1 a6 10. Rb1 Qc7 11. b3 b5 12. Bb2 Re8 13. dxe5 dxe5 14. Rc1 b4 15. Na4 Bb7 16. c5 Rad8 17. Qe2 a5 1/2-1/2

[Event "Santo Domingo op"]
[Site "Santo Domingo"]
[Date "2005.11.24"]
[Round "1"]
[White "Estrada Nieto, Julian"]
[Black "Pircher, Karl"]
[Result "1-0"]
[WhiteElo "2351"]
[BlackElo "2018"]
[PlyCount "37"]
[EventDate "2005.11.24"]
[EventType "swiss"]
[EventRounds "9"]
[EventCountry "DOM"]
[SourceTitle "CBM 109 Extra"]
[Source "ChessBase"]
[SourceDate "2006.01.03"]
[SourceVersion "2"]
[SourceVersionDate "2006.01.03"]
[SourceQuality "1"]

1. e4 e6 2. d4 d5 3. Nd2 Nf6 4. e5 Nfd7 5. Bd3 c5 6. c3 Nc6 7. Ne2 Qb6 8. Nf3 cxd4 9. cxd4 f6 10. exf6 Nxf6 11. 0-0 Bd6 12. b3 0-0 13. Bb2 Bd7 14. Rc1 Be8 15. Ng3 Be7 16. Qe2 Bf7 17. Ne5 Nxe5 18. dxe5 Nd7 19. Rfe1 1-0

[Event "Campodarsego op 16th"]
[Site "Campodarsego"]
[Date "2005.01.22"]
[Round "2"]
[White "Pircher, Karl"]
[Black "Giancotti, Eraldo"]
[Result "1-0"]
[WhiteElo "2012"]
[BlackElo "2085"]
[PlyCount "63"]
[EventDate "2005.01.21"]
[EventType "swiss"]
[EventRounds "5"]
[EventCountry "ITA"]
[SourceTitle "EXT 2007"]
[Source "ChessBase"]
[SourceDate "2006.11.23"]
[SourceVersion "1"]
[SourceVersionDate "2006.11.23"]
[SourceQuality "1"]

1. d4 Nf6 2. c4 g6 3. Nc3 Bg7 4. e4 d6 5. Nf3 0-0 6. Be2 Na6 7. 0-0 e5 8. Be3 Ng4 9. Bg5 Qe8 10. h3 exd4 11. Nxd4 Nf6 12. f3 Qe5 13. Be3 Qg3 14. Qe1 Qe5 15. Qd2 Re8 16. Rfe1 c6 17. Bf1 Nd7 18. Rad1 Ndc5 19. Nc2 Rd8 20. Bd4 Qg3 21. Bf2 Qe5 22. f4 Qh5 23. e5 Bf8 24. b4 Ne6 25. Ne4 Qf5 26. exd6 Nxf4 27. Nd4 Qe5 28. Nf3 Qf5 29. Nh4 Nxh3+ 30. gxh3 Qe6 31. c5 Nc7 32. Qg5 1-0

[Event "Campodarsego op 16th"]
[Site "Campodarsego"]
[Date "2005.01.21"]
[Round "1"]
[White "Molina, Fabrizio"]
[Black "Pircher, Karl"]
[Result "1-0"]
[WhiteElo "2276"]
[BlackElo "2012"]
[PlyCount "93"]
[EventDate "2005.01.21"]
[EventType "swiss"]
[EventRounds "5"]
[EventCountry "ITA"]
[SourceTitle "EXT 2007"]
[Source "ChessBase"]
[SourceDate "2006.11.23"]
[SourceVersion "1"]
[SourceVersionDate "2006.11.23"]
[SourceQuality "1"]

1. c4 e6 2. g3 Nf6 3. Bg2 d5 4. Nf3 Be7 5. b3 0-0 6. Bb2 c5 7. e3 Nc6 8. 0-0 Qc7 9. Qe2 b6 10. Nc3 Bb7 11. d3 a6 12. Rac1 Rad8 13. cxd5 exd5 14. Na4 Rfe8 15. d4 cxd4 16. Nxd4 b5 17. Nxc6 Bxc6 18. Nc5 a5 19. Bd4 Qd6 20. Rc2 Rc8 21. Rfc1 Bd7 22. Nxd7 Qxd7 23. Rxc8 Rxc8 24. Rxc8+ Qxc8 25. Qxb5 Qc1+ 26. Bf1 Ne4 27. f3 Nd2 28. Kf2 h5 29. Be2 Bb4 30. Qe8+ Bf8 31. Qd8 Qa3 32. Qxd5 Qxa2 33. Qxh5 Nxb3 34. Qd5 a4 35. g4 Qb1 36. Bc4 Qc2+ 37. Kg3 Qg6 38. Bxb3 Bd6+ 39. f4 axb3 40. Qxb3 Qe6 41. Qd1 g5 42. Qd2 Kh7 43. h3 Qc4 44. Bf6 gxf4+ 45. exf4 Qe6 46. Bc3 Bc7 47. Qd4 1-0

[Event "Letojanni op 2nd"]
[Site "Letojanni"]
[Date "2002.12.28"]
[Round "8"]
[White "Pircher, Karl"]
[Black "Bondielli, Giorgio"]
[Result "1/2-1/2"]
[WhiteElo "2058"]
[BlackElo "2006"]
[PlyCount "21"]
[EventDate "2002.12.21"]
[EventType "swiss"]
[EventRounds "9"]
[EventCountry "ITA"]
[SourceTitle "EXT 2007"]
[Source "ChessBase"]
[SourceDate "2006.11.23"]
[SourceVersion "1"]
[SourceVersionDate "2006.11.23"]
[SourceQuality "1"]

1. d4 f5 2. g3 g6 3. Bg2 Bg7 4. Nf3 Nf6 5. 0-0 0-0 6. c4 d6 7. Nc3 c6 8. d5 e5 9. dxe6 Bxe6 10. Qd3 Na6 11. Bf4 1/2-1/2

[Event "Taormina"]
[Site "Taormina"]
[Date "2002.11.20"]
[Round "7"]
[White "Pircher, Karl"]
[Black "Bonani, Georg"]
[Result "1/2-1/2"]
[WhiteElo "2058"]
[BlackElo "1743"]
[PlyCount "38"]
[EventDate "2002.11.15"]
[EventType "tourn"]
[EventRounds "11"]
[EventCountry "ITA"]
[SourceTitle "EXT 2007"]
[Source "ChessBase"]
[SourceDate "2006.11.23"]
[SourceVersion "1"]
[SourceVersionDate "2006.11.23"]
[SourceQuality "1"]

1. e4 e5 2. Nf3 Nc6 3. Bb5 a6 4. Ba4 Nf6 5. 0-0 Be7 6. Re1 b5 7. Bb3 0-0 8. c3 d5 9. exd5 Nxd5 10. Nxe5 Nxe5 11. Rxe5 c6 12. d4 Bd6 13. Re1 Qh4 14. g3 Qh3 15. Qd3 Bg4 16. Qf1 Qh5 17. Be3 f5 18. Nd2 f4 19. Bxd5+ cxd5 1/2-1/2

[Event "Letojanni op 1st"]
[Site "Letojanni"]
[Date "2001.12.26"]
[Round "5"]
[White "Ragonese, Lucio Rosario"]
[Black "Pircher, Karl"]
[Result "1/2-1/2"]
[WhiteElo "2073"]
[BlackElo "2067"]
[PlyCount "30"]
[EventDate "2001.12.22"]
[EventType "swiss"]
[EventRounds "9"]
[EventCountry "ITA"]
[SourceTitle "EXT 2007"]
[Source "ChessBase"]
[SourceDate "2006.11.23"]
[SourceVersion "1"]
[SourceVersionDate "2006.11.23"]
[SourceQuality "1"]

1. d4 d5 2. Nf3 Nf6 3. Bg5 c6 4. c3 Bf5 5. Qb3 Qb6 6. Nbd2 Nbd7 7. e3 h6 8. Bf4 e6 9. Be2 Be7 10. Ne5 Nxe5 11. Bxe5 0-0 12. 0-0 Nd7 13. Bg3 c5 14. f3 cxd4 15. cxd4 Rfc8 1/2-1/2

[Event "Letojanni op 1st"]
[Site "Letojanni"]
[Date "2001.12.24"]
[Round "3"]
[White "Cappadona, Salvatore"]
[Black "Pircher, Karl"]
[Result "1-0"]
[WhiteElo "1979"]
[BlackElo "2067"]
[PlyCount "63"]
[EventDate "2001.12.22"]
[EventType "swiss"]
[EventRounds "9"]
[EventCountry "ITA"]
[SourceTitle "EXT 2007"]
[Source "ChessBase"]
[SourceDate "2006.11.23"]
[SourceVersion "1"]
[SourceVersionDate "2006.11.23"]
[SourceQuality "1"]

1. e4 e6 2. Nf3 d5 3. Nc3 Nf6 4. Qe2 Be7 5. g3 c5 6. e5 Nfd7 7. Bg2 Nc6 8. 0-0 b6 9. Re1 Bb7 10. d3 Qc7 11. Bf4 0-0-0 12. Nxd5 exd5 13. e6 Bd6 14. exd7+ Qxd7 15. Bxd6 Qxd6 16. c3 d4 17. Ng5 Qc7 18. Rad1 Kb8 19. Qf3 h6 20. Nh3 Rd7 21. Nf4 dxc3 22. bxc3 Qd8 23. Qg4 g5 24. Nh5 Rxd3 25. Qa4 Rxd1 26. Rxd1 Qc7 27. Nf6 Ne5 28. Nd7+ Kc8 29. Bxb7+ Qxb7 30. Nxe5 Re8 31. Qg4+ Kc7 32. Rd7+ 1-0

[Event "Estensi op"]
[Site "Estensi"]
[Date "2001.06.03"]
[Round "2"]
[White "Pircher, Karl"]
[Black "Brumen, Dinko"]
[Result "0-1"]
[WhiteElo "2041"]
[BlackElo "2458"]
[PlyCount "50"]
[EventDate "2001.06.02"]
[EventType "swiss"]
[EventRounds "9"]
[EventCountry "ITA"]
[SourceTitle "CBM 082 Extra"]
[Source "ChessBase"]
[SourceDate "2001.07.03"]
[SourceVersion "1"]
[SourceVersionDate "2001.07.03"]
[SourceQuality "1"]

1. d4 d5 2. c4 e6 3. Nc3 Nf6 4. Bg5 Nbd7 5. e3 c6 6. Nf3 Qa5 7. Nd2 Bb4 8. Qc2 0-0 9. Be2 e5 10. 0-0 exd4 11. exd4 dxc4 12. Bxf6 Nxf6 13. Nxc4 Qg5 14. Bf3 Bf5 15. Ne4 Nxe4 16. Bxe4 Bxe4 17. Qxe4 Rfe8 18. Qf3 Rad8 19. Ne5 Qe7 20. Rfd1 c5 21. Qb3 Rxd4 22. Rxd4 cxd4 23. f4 Ba5 24. Rc1 Bd2 25. Rc5 Bxf4 0-1